Statistics for Mexican States Without First or Last Letters Quiz #3

Click here to take the quiz!

General Stats

  • This quiz has been taken 9 times
  • The average score is 7 of 8

Answer Stats

Mexican States Without First or Last LettersFull Mexican State Names% Correct
éxicMéxico
100%
guascalienteAguascalientes
89%
oahuilCoahuila (Coahuila de Zaragoza)
89%
uev eóNuevo León
89%
axacOaxaca
89%
uintan oQuintana Roo
89%
amaulipaTamaulipas
78%
acatecaZacatecas
78%

Score Distribution

Percentile by Number Answered

Percent of People with Each Score

Your Score History

You have not taken this quiz